000
00242nam a2200109Ia 4500
008
260210s9999 xx 000 0 und d
020
_a
9789881506979
100
_a
Gao
245
0
_a
Public Square Landscapes
260
_b
DMPL
942
_c
BPLAN
999
_c
14223
_d
14223